Представление документа в формате MARC21

Поле Инд. ПП Название Значение
Тип записи a
Библиографический уровень m
001 Контрольный номер 72a7c176-621f-4d4d-a6a8-966f50a70f52
005 Дата корректировки 20140227062013.4
008 Кодируемые данные 060605
020 a ISBN 5-288-00197-9
040 a Служба первич. каталог. НБ ТвГУ
041 a Код языка текста rus
084 a Индекс другой классификации/Индекс ББК У050.9(2)22
090 x Авторский знак Б26
a Полочн. индекс У050.9(2)
100 1_ a Автор Барышников Андрей Сергеевич
245 00 a Заглавие Проблемы формирования и развития межотраслевых комплексов и объединений
c Ответственность А. С. Барышников, Ю. А. Гранаткин
260 0_ a Место издания Л.
b Издательство Ленинградский государственный университет
c Дата издания 1988
300 a Объем 237, [1] с.
b Иллюстрации/ тип воспроизводства схемы
504 a Библиография Библиогр. в подстроч. примеч.
650 a Основная рубрика Народное хозяйство
x Основная подрубрика Межотраслевые связи
z Географическая подрубрика СССР
653 a Ключевые слова Народное хозяйство СССР
700 1_ a Другие авторы Гранаткин Юрий Арсентьевич
e Роль лиц авт.
852 t Порядковый номер экземпляра 2
q Физ. особенности экз. м
p Инвентарный номер 600348
p Инвентарный номер 606833
863 t 00034766
954 a Дата поступления на обработку 20060724
999 a Подразделение 2 Фил1